000
00191 a2200097 4500
001
3455
100
_a
Trumbull, R
245
_a
As I see India
260
_a
_b
cassel
_c
090
_c
2721
_d
2721
942
_a
NUST-CAE
_c
M
_c
19125
999
_c
238528
_d
238528